Real Zaragoza Squad 2012-2013 - Statistics

General Stats
  • This quiz has been taken 14 times
  • The average score is 9 of 31
Answer Stats
# Position Nation Player % Correct
9 FW Portugal Hélder Postiga
86%
13 GK Argentina Leo Franco
71%
5 DF Italy Maurizio Lanzaro
71%
12 MF Ivory Coast Romaric
71%
20 MF Argentina Franco Zuculini
57%
19 DF Romania Cristian Săpunaru
43%
7 FW Cameroon Henri Bienvenu
43%
35 DF Serbia Ivan Obradović
43%
14 DF Spain José Manuel Fernández
43%
1 GK Spain Roberto
43%
6 FW Spain Rodri Ríos
43%
22 DF Hungary Ádám Pintér
29%
25 FW Spain Adrià Carmona
29%
10 MF Spain Apoño
29%
7 FW Spain Carlos Aranda
29%
16 DF Netherlands Glenn Loovens
29%
3 DF Spain Javier Paredes
29%
13 GK Spain Toni Doblas
29%
21 DF Spain Abraham Minero
14%
4 DF Spain Álvaro González
14%
8 DF Spain Edu Oriol
14%
18 MF Argentina Lucas Wilchez
14%
- Coach Spain Manolo Jiménez
14%
11 FW Spain Paco Montañés
14%
24 FW Spain Rubén Rochina
14%
17 MF Serbia Stefan Babović
14%
32 MF Spain Víctor Rodríguez
14%
23 FW Spain Javi Álamo
0%
15 MF Spain José Mari
0%
2 MF Spain José María Movilla
0%
6 DF Spain Raúl Goni
0%
No matching quizzes found
Score Distribution
Percent of People with Each Score
Percentile by Number Answered
Your Score History
You have not taken this quiz